| 000 | 00930cab a2200253 4500 | ||
|---|---|---|---|
| 001 | ##ABS52924 | ||
| 008 | 090401t1995 xxu||||| |||| 00| 0 eng d | ||
| 035 | _a(Sirsi) u910 | ||
| 041 | 0 | _aeng | |
| 100 | 1 | _aGriffiths, M. | |
| 245 | 0 | 0 | _aDevelopment plan policy and the role of s106 |
| 260 | _c1995 | ||
| 350 | _a0 | ||
| 490 | 0 |
_aPlanning Week _v11 May 1995, 15(1) |
|
| 520 | _aConsiders whether planning obligations are, in specified circumstances, capable of being material considerations, and highlights relevant case law. | ||
| 650 | 2 | 4 | _aDOE CIRCULAR 16/1991 |
| 650 | 2 | 4 | _aGOOD V EPPING FOREST DC |
| 650 | 2 | 4 | _aR V PLYMOUTH CITY COUNCIL EX P PLYMOUTH AND SOUTH DEVON CO-OPERATIVE SOCIETY LTD |
| 650 | 2 | 4 | _aTOWN AND COUNTRY PLANNING ACT 1990 S106 |
| 651 | 4 |
_aEngland and Wales _y1543- |
|
| 690 | _aENVIRONMENTAL AND LAND CONSULTANCY-PLANNING AND DEVELOPMENT-PLANNING GUIDANCE | ||
| 942 | _n0 | ||
| 948 | _c04/03/1997 | ||
| 999 |
_c507 _d507 |
||